000 00210nam a22000857a 4500
008 170620b xxu||||| |||| 00| 0 eng d
100 _93534
_aCBSE
245 _aMathematics Lab class - III - VII
260 _bCBSE
_c2009
999 _c6919
_d6919